[Event "Titled Tue 1st Jul Early"]
[Site "chess.com INT"]
[Date "2025.07.01"]
[Round "10"]
[White "Storn, Justin"]
[Black "Slovineanu, Viacheslav"]
[Result "1-0"]
[BlackTitle "IM"]
[WhiteElo "2118"]
[BlackElo "2412"]
[WhiteFideId "30922720"]
[BlackFideId "13900510"]
[EventDate "2025.07.01"]

1. e4 c6 2. d4 d5 3. exd5 cxd5 4. Bd3 Nc6 5. Nf3 Nf6 6. c3 Bg4 7. O-O e6 8. Nbd2
Bd6 9. Re1 O-O 10. h3 Bh5 11. Nf1 Qc7 12. Bg5 a6 13. a4 Rfe8 14. g4 Bg6 15. Bxg6
hxg6 16. Qe2 Ne4 17. N1d2 f5 18. Nxe4 fxe4 19. Nh4 Qf7 20. f4 Rf8 21. Rf1 Kh7
22. Kg2 Qc7 23. f5 Be7 24. fxg6+ Kg8 25. Qe3 Rxf1 26. Rxf1 Rf8 27. Rxf8+ Bxf8
28. Kg1 Ne7 29. Bf4 Qc6 30. Be5 Qxa4 31. Qg5 Qd1+ 32. Kh2 Qe2+ 33. Ng2 Qf3 34.
Qh5 Nxg6 35. Qxg6 e3 36. Qxe6+ Kh7 37. Qf5+ Qxf5 38. gxf5 e2 39. Kg3 b5 40. Kf2
b4 41. cxb4 Bxb4 42. Kxe2 Kh6 43. Bf4+ Kh5 44. Ne3 Kh4 45. Nxd5 Bf8 46. Nc7 a5
47. Ne6 1-0

[Event "Titled Tue 1st Jul Early"]
[Site "chess.com INT"]
[Date "2025.07.01"]
[Round "10"]
[White "Arenas, David"]
[Black "Mende, Andreas"]
[Result "1-0"]
[WhiteTitle "GM"]
[BlackTitle "CM"]
[WhiteElo "2335"]
[BlackElo "2113"]
[WhiteFideId "4403177"]
[BlackFideId "4631102"]
[EventDate "2025.07.01"]

1. e4 c5 2. Nf3 Nc6 3. d4 cxd4 4. Nxd4 Nf6 5. Nc3 e5 6. Ndb5 d6 7. a4 a6 8. Na3
Bg4 9. Be2 Bxe2 10. Qxe2 Nd4 11. Qd3 Be7 12. Bg5 Nd7 13. Bxe7 Qxe7 14. Nd5 Qd8
15. b4 O-O 16. c3 Ne6 17. Nc4 Nf6 18. O-O Ne8 19. Rad1 Qg5 20. g3 Rd8 21. Kh1 f5
22. exf5 N6c7 23. Nce3 Kh8 24. Qe4 Nf6 25. Nxf6 Qxf6 26. Qxb7 Ne8 27. Qe4 Qg5
28. f4 exf4 29. Rxf4 Qf6 30. Nd5 Qg5 31. Rdf1 h6 32. Rg4 Qh5 33. f6 Nxf6 34.
Nxf6 Rxf6 35. Rxf6 gxf6 36. Qe6 Rf8 37. Qe7 Qxg4 38. Qxf8+ Kh7 39. Qe7+ Kg6 40.
Qxd6 Qf3+ 41. Kg1 1-0

[Event "Titled Tue 1st Jul Early"]
[Site "chess.com INT"]
[Date "2025.07.01"]
[Round "10"]
[White "Kollars, Dmitrij"]
[Black "Onyshchuk, Volodymyr"]
[Result "1-0"]
[WhiteTitle "GM"]
[BlackTitle "GM"]
[WhiteElo "2644"]
[BlackElo "2607"]
[WhiteFideId "12909572"]
[BlackFideId "14114038"]
[EventDate "2025.07.01"]

1. e4 d6 2. d4 Nf6 3. Nc3 g6 4. Be3 c6 5. Qd2 Bg7 6. Bh6 Bxh6 7. Qxh6 Nbd7 8.
Nf3 e5 9. dxe5 dxe5 10. Bc4 Qe7 11. O-O Qf8 12. Qh4 h6 13. Nd2 Qc5 14. a4 g5 15.
Qg3 Nh5 16. Qf3 Ndf6 17. Qe3 Qe7 18. Rfd1 Nf4 19. Bf1 O-O 20. Nc4 Kg7 21. a5 Ng6
22. Nd6 Rd8 23. Nxc8 Rdxc8 24. Rd2 Rd8 25. Rxd8 Qxd8 26. b4 Qd4 27. Qxd4 exd4
28. Ne2 Rd8 29. Ng3 Ne7 30. Rd1 h5 31. f3 h4 32. Ne2 c5 33. bxc5 Nc6 34. Ra1 a6
35. Nc1 Nd7 36. Nd3 Nde5 37. Kf2 Rd7 38. g3 hxg3+ 39. hxg3 f6 40. Nxe5 Nxe5 41.
f4 Ng4+ 42. Kf3 Ne3 43. Bd3 Rc7 44. Rb1 g4+ 45. Ke2 Kf8 46. Rb4 1-0

[Event "Titled Tue 1st Jul Early"]
[Site "chess.com INT"]
[Date "2025.07.01"]
[Round "10"]
[White "Chiu, Isaac"]
[Black "Kamalsyah, Muhammad"]
[Result "1/2-1/2"]
[BlackTitle "FM"]
[WhiteElo "2226"]
[BlackElo "2314"]
[WhiteFideId "30900654"]
[BlackFideId "7105932"]
[EventDate "2025.07.01"]

1. b3 Nf6 2. Bb2 e6 3. g3 d5 4. Bg2 Be7 5. c4 O-O 6. Nf3 c5 7. O-O d4 8. e3 Nc6
9. exd4 cxd4 10. d3 e5 11. Re1 Nd7 12. Ba3 Bxa3 13. Nxa3 Re8 14. Nc2 a5 15. a3
Nc5 16. Rb1 Bf5 17. Bf1 Nxd3 18. Bxd3 e4 19. Nh4 exd3 20. Nxf5 dxc2 21. Qxc2 g6
22. Rxe8+ Qxe8 23. Nd6 Qe7 24. c5 Rd8 25. b4 axb4 26. axb4 b6 27. h4 Nxb4 28.
Rxb4 bxc5 29. Qxc5 Qxd6 30. Qxd6 Rxd6 31. Kf1 Kg7 32. Ke2 Kf6 33. Kd3 Ke5 34.
Rb7 Rf6 35. Rb5+ Ke6 36. Rb6+ Kf5 37. Rxf6+ Kxf6 38. Kxd4 Kf5 39. f3 f6 40. Kd5
g5 41. h5 g4 42. f4 h6 43. Kd4 Ke6 44. Ke4 f5+ 45. Kd4 Kd6 46. Kc4 Kc6 47. Kd4
Kd6 48. Kc4 Kc6 49. Kd4 Kd6 1/2-1/2

[Event "Titled Tue 1st Jul Early"]
[Site "chess.com INT"]
[Date "2025.07.01"]
[Round "10"]
[White "Purygin, Andrei"]
[Black "Vidruska, Renate"]
[Result "0-1"]
[WhiteTitle "FM"]
[BlackTitle "WFM"]
[WhiteElo "2335"]
[BlackElo "2026"]
[WhiteFideId "24111180"]
[BlackFideId "11601841"]
[EventDate "2025.07.01"]

1. e4 e5 2. d4 exd4 3. Nf3 d5 4. exd5 Qxd5 5. Nxd4 Nf6 6. Be3 Be7 7. Nc3 Qa5 8.
Bd3 O-O 9. h3 Bb4 10. O-O Bxc3 11. Nb3 Qe5 12. bxc3 Nc6 13. Bd4 Nxd4 14. cxd4
Qg5 15. Qf3 Be6 16. c4 c6 17. Nc5 Bc8 18. Rab1 Rb8 19. Ne4 Nxe4 20. Qxe4 g6 21.
f4 Qd8 22. Qe5 Re8 23. Qxb8 Qxd4+ 24. Kh1 Qxd3 25. Rbe1 Rf8 26. Qxa7 Qxc4 27.
Qf2 Bf5 28. Qb2 b5 29. Rc1 Qe6 30. Qc3 Rc8 31. a3 Be4 32. Rfe1 Qd5 33. Re2 f5
34. Rd2 Qe6 35. Qc5 Ra8 36. Rd6 Qa2 37. Rg1 Qxa3 38. Qxa3 Rxa3 39. Kh2 b4 40.
Rgd1 Ra2 41. Rd8+ Kg7 42. R1d7+ Kh6 43. Re8 Rxg2+ 44. Kh1 Rd2+ 0-1

[Event "Titled Tue 1st Jul Early"]
[Site "chess.com INT"]
[Date "2025.07.01"]
[Round "10"]
[White "Dambaev, Dashi"]
[Black "Teterev, Vitaly"]
[Result "0-1"]
[WhiteTitle "CM"]
[BlackTitle "GM"]
[WhiteElo "2142"]
[BlackElo "2248"]
[WhiteFideId "55628494"]
[BlackFideId "13501429"]
[EventDate "2025.07.01"]

1. d4 Nf6 2. c4 g6 3. g3 c6 4. Bg2 d5 5. cxd5 cxd5 6. Nf3 Nc6 7. O-O e6 8. Nc3
Bd7 9. Re1 Bb4 10. Bh6 Ng4 11. Bd2 O-O 12. e4 dxe4 13. Nxe4 Bxd2 14. Qxd2 Nf6
15. Qh6 Nxe4 16. Rxe4 Qf6 17. Ng5 Qg7 18. Rh4 Qxh6 19. Rxh6 f6 20. Bxc6 bxc6 21.
Ne4 Kg7 22. Rh4 g5 23. Rh5 Be8 24. Rh3 Bg6 25. Nc5 Bf5 26. g4 Bxg4 27. Ra3 a5
28. Re1 Kf7 29. Rb3 Rfb8 30. Ree3 Rb4 31. h3 Bf5 32. a3 Rxd4 33. Rb7+ Kg6 34.
Nxe6 Re4 35. Rg7+ Kh6 36. Rxe4 Bxe4 37. Rf7 Kg6 38. Rg7+ Kf5 39. Nc5 Rb8 40.
Rxh7 Rxb2 41. Ra7 Rb5 42. Nd7 Kf4 43. Kh2 Rb1 0-1

[Event "Titled Tue 1st Jul Early"]
[Site "chess.com INT"]
[Date "2025.07.01"]
[Round "10"]
[White "Pranav, V"]
[Black "Esipenko, Andrey"]
[Result "1-0"]
[WhiteTitle "GM"]
[BlackTitle "GM"]
[WhiteElo "2594"]
[BlackElo "2679"]
[WhiteFideId "25060783"]
[BlackFideId "24175439"]
[EventDate "2025.07.01"]

1. e4 e5 2. Nf3 Nc6 3. Bb5 a6 4. Ba4 Nf6 5. O-O Be7 6. d3 b5 7. Bb3 d6 8. Bd2
O-O 9. h3 h6 10. Re1 Re8 11. a3 Bf8 12. Nc3 Rb8 13. a4 Na5 14. Ba2 b4 15. Nd5 c5
16. Nh2 Nxd5 17. Bxd5 Be6 18. Qf3 Rc8 19. Ng4 Nc6 20. c3 bxc3 21. bxc3 Bxd5 22.
exd5 Ne7 23. Rab1 Rb8 24. Ne3 Qd7 25. Nc4 Ng6 26. a5 Rb5 27. Rbd1 Ne7 28. g4 Rd8
29. Ra1 Qb7 30. Nb6 Rb2 31. Bc1 Rb3 32. c4 Ng6 33. Qd1 Rb4 34. Bd2 Be7 35. Bxb4
cxb4 36. Rb1 Qc7 37. d4 exd4 38. Qxd4 Bf6 39. Qe3 Bc3 40. Re2 Ne5 41. Qe4 Qc5
42. Ra2 Qc7 43. Kg2 Ng6 44. f4 1-0

[Event "Titled Tue 1st Jul Early"]
[Site "chess.com INT"]
[Date "2025.07.01"]
[Round "10"]
[White "Perez Cruz, Adianet"]
[Black "Safin Safarullakhan"]
[Result "1-0"]
[WhiteTitle "WFM"]
[BlackTitle "CM"]
[WhiteElo "1984"]
[BlackElo "2028"]
[WhiteFideId "3510115"]
[BlackFideId "33379475"]
[EventDate "2025.07.01"]

1. d4 Nf6 2. Bg5 e6 3. Bxf6 Qxf6 4. e3 d5 5. Nf3 Bd6 6. c4 b6 7. Nc3 Bb7 8. cxd5
exd5 9. Bd3 O-O 10. O-O Nd7 11. Rc1 c5 12. dxc5 Nxc5 13. Bb1 Rad8 14. Nb5 Bb8
15. Nbd4 Ne4 16. b4 Rfe8 17. a3 h6 18. Qd3 a5 19. Ba2 axb4 20. axb4 Qd6 21. Qb5
Ng5 22. Rfd1 Re4 23. Kf1 Nxf3 24. gxf3 Ree8 25. h4 Qh2 26. Ke2 Re5 27. Qxb6 Rde8
28. Rc3 Bc8 29. Rdc1 Bh3 30. Nc6 Kh7 31. Nxe5 Rxe5 32. Qd4 Re6 33. Bb1+ g6 34.
Qd3 Be5 35. Rc7 Bg7 36. Rxf7 Bf5 37. Qxd5 Bxb1 38. Rxb1 Rxe3+ 39. Kxe3 Qxh4 40.
Qd7 Qg5+ 41. Ke2 Qe5+ 42. Kf1 Qb5+ 43. Kg1 1-0

[Event "Titled Tue 1st Jul Early"]
[Site "chess.com INT"]
[Date "2025.07.01"]
[Round "10"]
[White "Chan, Yi Ren Daniel"]
[Black "Chigaev, Maksim"]
[Result "0-1"]
[WhiteTitle "FM"]
[BlackTitle "GM"]
[WhiteElo "2309"]
[BlackElo "2628"]
[WhiteFideId "5801583"]
[BlackFideId "4108116"]
[EventDate "2025.07.01"]

1. e4 c5 2. Nf3 Nc6 3. d4 cxd4 4. Nxd4 g6 5. Nc3 Bg7 6. Be3 Nf6 7. Bc4 O-O 8.
Bb3 Re8 9. O-O d6 10. h3 Na5 11. Re1 b6 12. Qd3 Bb7 13. Rad1 Nxb3 14. axb3 a6
15. Bg5 Rc8 16. Qe3 Qc7 17. Nde2 Qc5 18. Qxc5 bxc5 19. f3 Nd7 20. Be3 Kf8 21.
Nf4 Nb8 22. Nfd5 Nc6 23. Nb6 Rcd8 24. Rd2 f5 25. Bf2 Kf7 26. Kf1 h6 27. g4 fxe4
28. Nxe4 Rf8 29. c3 Kg8 30. Kg2 Ne5 31. Re3 Nxf3 32. Rd1 Ng5 33. Nd5 e6 34. Nxg5
Bxd5+ 35. Rxd5 exd5 36. Ne6 Rde8 37. Nxf8 Rxe3 38. Bxe3 Kxf8 39. Kf3 Ke7 40. h4
h5 41. gxh5 gxh5 42. Bg5+ Ke6 43. Bd8 Bf6 44. Bxf6 Kxf6 45. Kf4 a5 46. Ke3 Ke5
47. Kf3 Kf5 48. Ke3 Kg4 49. c4 d4+ 50. Ke4 Kxh4 51. Kd5 d3 52. Kxd6 d2 53. Kxc5
d1=Q 54. Kb5 Qxb3+ 55. Kxa5 Qxc4 56. b3 Qxb3 0-1

[Event "Titled Tue 1st Jul Early"]
[Site "chess.com INT"]
[Date "2025.07.01"]
[Round "10"]
[White "Kiremitciyan, Ari"]
[Black "Burmakin, Evgeniy"]
[Result "0-1"]
[WhiteTitle "FM"]
[BlackTitle "FM"]
[WhiteElo "2271"]
[BlackElo "2110"]
[WhiteFideId "6373445"]
[BlackFideId "4163729"]
[EventDate "2025.07.01"]

1. e4 c5 2. Nf3 d6 3. d4 cxd4 4. Nxd4 Nf6 5. Nc3 a6 6. Bg5 e6 7. Qe2 Be7 8. h4
h6 9. Bd2 b5 10. a3 Bb7 11. O-O-O Nbd7 12. g4 Ne5 13. Rg1 g6 14. f4 Nc4 15. e5
Nd7 16. exd6 Bxd6 17. Nxe6 fxe6 18. Qxe6+ Qe7 19. Bxc4 bxc4 20. Qxg6+ Kd8 21.
Rge1 Qf6 22. h5 Qxg6 23. hxg6 Bf3 24. Ne4 Bxd1 25. Nxd6 Bxg4 26. Nf7+ Kc7 27.
Nxh8 Rxh8 28. Ba5+ Kc6 29. Bc3 Rg8 30. g7 Nc5 31. Re7 h5 32. Rf7 Nd7 33. f5 h4
34. f6 h3 35. Rxd7 h2 36. Rd1 Bxd1 37. f7 h1=Q 38. fxg8=Q Bg4+ 39. Kd2 Qg2+ 40.
Ke3 Qf3+ 41. Kd4 Qf4# 0-1

[Event "Titled Tue 1st Jul Early"]
[Site "chess.com INT"]
[Date "2025.07.01"]
[Round "10"]
[White "Milanovic, Vojislav"]
[Black "Subramanian, Anusha"]
[Result "1-0"]
[WhiteTitle "IM"]
[BlackTitle "WFM"]
[WhiteElo "2293"]
[BlackElo "2045"]
[WhiteFideId "905046"]
[BlackFideId "477710"]
[EventDate "2025.07.01"]

1. e4 e6 2. d4 d5 3. e5 c5 4. c3 Nc6 5. Nf3 Qb6 6. Bd3 Bd7 7. dxc5 Bxc5 8. O-O
a5 9. a4 Nge7 10. Na3 Ng6 11. Qe2 Rc8 12. Nb5 Na7 13. Nxa7 Qxa7 14. h4 Ne7 15.
h5 h6 16. Bf4 d4 17. cxd4 Bxd4 18. Nxd4 Qxd4 19. Bg3 Nd5 20. Rfd1 Qb6 21. Rac1
Bc6 22. Qg4 O-O 23. Qe4 f5 24. exf6 Nxf6 25. Qxe6+ Kh8 26. Qf5 Bd7 27. Qg6 Be8
28. Qf5 Bxh5 29. Re1 Bg4 30. Qb5 Qxb5 31. Bxb5 Rxc1 32. Rxc1 Ne4 33. Be5 Nf6 34.
Rc7 Bd1 35. Rxb7 Rd8 36. Bc7 Rf8 37. Bxa5 Ng4 38. Bc3 Nxf2 39. Bxg7+ Kg8 40.
Bc4+ Kh7 41. Bxf8+ Kg6 42. Kxf2 Kf5 43. a5 Ke4 44. a6 Kd4 45. Be2 Bxe2 46. Kxe2
Kd5 47. a7 Ke6 48. a8=Q Kd5 49. Qd8+ Ke6 50. Re7+ Kf5 51. Qd5+ Kg6 52. Re6+ Kf7
53. Qf5+ Kg8 54. Qg6+ Kxf8 55. Re8# 1-0

[Event "Titled Tue 1st Jul Early"]
[Site "chess.com INT"]
[Date "2025.07.01"]
[Round "10"]
[White "Milare, Tyron"]
[Black "Pournami S"]
[Result "1-0"]
[WhiteTitle "FM"]
[BlackTitle "WCM"]
[WhiteElo "2217"]
[BlackElo "1730"]
[WhiteFideId "12987018"]
[BlackFideId "25732439"]
[EventDate "2025.07.01"]

1. d4 Nf6 2. c4 e6 3. Nf3 d5 4. g3 Be7 5. Bg2 O-O 6. O-O b6 7. Ne5 Bb7 8. Nc3 c6
9. e4 Nbd7 10. Nxd7 Qxd7 11. cxd5 cxd5 12. e5 Ne4 13. Nxe4 dxe4 14. Re1 Bb4 15.
Re2 Rad8 16. Bxe4 Ba6 17. Be3 Bxe2 18. Qxe2 f5 19. exf6 gxf6 20. Bc2 f5 21. Bb3
Rde8 22. Rc1 Kh8 23. Bf4 Bd6 24. Be5+ Bxe5 25. Qxe5+ Qg7 26. Rc7 Qxe5 27. dxe5
Kg8 28. Rxa7 Rf7 29. Ra6 Rb7 30. Ra4 Kf7 31. Rh4 Kg7 32. Rd4 Kf7 33. Rd6 Ree7
34. f4 b5 35. g4 Rbd7 36. gxf5 Rxd6 37. exd6 Rb7 38. fxe6+ Ke8 39. Bd5 Rb6 40.
d7+ Kd8 41. f5 Ke7 42. f6+ Kd8 43. f7 Ke7 44. f8=Q+ 1-0

[Event "Titled Tue 1st Jul Early"]
[Site "chess.com INT"]
[Date "2025.07.01"]
[Round "10"]
[White "Shandrygin, Nikita"]
[Black "Karpenko, Anton"]
[Result "1-0"]
[WhiteTitle "FM"]
[BlackTitle "CM"]
[WhiteElo "2209"]
[BlackElo "2218"]
[WhiteFideId "24198668"]
[BlackFideId "34374353"]
[EventDate "2025.07.01"]

1. Nf3 c5 2. g3 b6 3. d4 cxd4 4. Bg2 Bb7 5. O-O Nf6 6. b3 e6 7. Bb2 a6 8. Bxd4
d6 9. c4 Nbd7 10. Nc3 Be7 11. Qd2 O-O 12. Rfd1 Qb8 13. Rac1 Rc8 14. Qb2 Bf8 15.
a4 Ne4 16. Nxe4 Bxe4 17. Be3 b5 18. Ne5 Bxg2 19. Nxd7 Qb7 20. Nxf8 Bh3 21. f3
bxc4 22. Rxd6 Kxf8 23. b4 Kg8 24. Kf2 Bf5 25. Rb6 Qd7 26. a5 f6 27. Qd4 Qf7 28.
Rxc4 e5 29. Rxc8+ Bxc8 30. Qd6 Qd7 31. Qc5 Qh3 32. Kg1 Qd7 33. Rd6 Qb7 34. Rd8+
Kf7 35. Qf8+ Kg6 36. h4 h5 37. Qe8+ Kf5 38. Qxh5+ Ke6 39. Re8+ Kd5 40. Qh8 Kc4
41. Bc5 Kb3 42. Qg8+ Ka3 43. Rd8 1-0

[Event "Titled Tue 1st Jul Early"]
[Site "chess.com INT"]
[Date "2025.07.01"]
[Round "10"]
[White "Winkels, Marcel"]
[Black "Zepeda Berlanga, Jan Enrique"]
[Result "0-1"]
[WhiteTitle "CM"]
[BlackTitle "CM"]
[WhiteElo "1905"]
[BlackElo "2011"]
[WhiteFideId "1003887"]
[BlackFideId "5132355"]
[EventDate "2025.07.01"]

1. e4 e5 2. Nf3 Nc6 3. Bb5 a6 4. Ba4 d6 5. c3 f5 6. exf5 Bxf5 7. d4 b5 8. Bb3
Nf6 9. O-O Be7 10. Ng5 Rf8 11. Ne6 Bxe6 12. Bxe6 exd4 13. cxd4 d5 14. Nc3 Qd6
15. Re1 b4 16. Na4 Ne4 17. Rxe4 dxe4 18. d5 Nd8 19. Bh3 Nf7 20. Be3 Ng5 21. Bc5
Nxh3+ 22. gxh3 Qg6+ 23. Kh1 Bxc5 24. Nxc5 Rxf2 25. Qa4+ c6 26. Rg1 Qd6 27. Rg2
Rxg2 28. Kxg2 Qxc5 29. dxc6 Rc8 30. c7+ Qb5 31. Qc2 Qb6 32. Qxe4+ Kd7 33. Qf5+
Kxc7 34. Qf7+ Kb8 35. Qf4+ Qc7 36. Qxb4+ Qb7+ 37. Qxb7+ Kxb7 38. Kf3 Rc2 39. b4
Rxa2 40. Kg3 Rb2 41. b5 Rxb5 42. h4 a5 43. h5 a4 44. h6 a3 45. hxg7 Rg5+ 46. Kf4
Rxg7 0-1

[Event "Titled Tue 1st Jul Early"]
[Site "chess.com INT"]
[Date "2025.07.01"]
[Round "10"]
[White "Omariev, Maksim"]
[Black "Roebers, Jan"]
[Result "1-0"]
[WhiteTitle "FM"]
[BlackTitle "FM"]
[WhiteElo "2304"]
[BlackElo "2030"]
[WhiteFideId "4193423"]
[BlackFideId "1007815"]
[EventDate "2025.07.01"]

1. Na3 g6 2. Nh3 Bg7 3. c4 Nf6 4. d4 O-O 5. Nc2 d6 6. Ng5 c5 7. d5 b5 8. cxb5 a6
9. bxa6 Bxa6 10. g3 h6 11. Nf3 Bb7 12. Ne3 Qa5+ 13. Bd2 Qb5 14. Bc3 Nbd7 15. Bg2
Ba6 16. a4 Qb7 17. O-O Rfb8 18. Re1 Ne4 19. Bxg7 Kxg7 20. Ra2 f5 21. Nd2 Ndf6
22. Ndc4 Bxc4 23. Nxc4 Qxd5 24. Qc2 Qc6 25. a5 Rb4 26. Ra3 Qb5 27. Rc1 d5 28.
Ne5 Rxb2 29. Qd1 e6 30. Nd3 Rd2 31. Ne1 Rxd1 32. Rxd1 Qxe2 33. Rda1 Qxf2+ 34.
Kh1 Ng4 35. Nd3 Qe2 36. Bxe4 Qxe4+ 37. Kg1 Qe2 38. R1a2 Qe3+ 39. Kg2 c4 40. Nf4
Qe5 41. Kh3 Qe4 42. Re2 Qd4 43. Nxe6+ Kf6 44. Nxd4 Ne5 45. a6 1-0

[Event "Titled Tue 1st Jul Early"]
[Site "chess.com INT"]
[Date "2025.07.01"]
[Round "10"]
[White "Brenke, Andreas"]
[Black "Asensio Ramos, Enrique Fernando"]
[Result "0-1"]
[WhiteTitle "FM"]
[BlackTitle "CM"]
[WhiteElo "2349"]
[BlackElo "2200"]
[WhiteFideId "4602900"]
[BlackFideId "2214172"]
[EventDate "2025.07.01"]

1. d4 d5 2. c4 e6 3. Nc3 h6 4. cxd5 exd5 5. Bf4 c6 6. e3 Bd6 7. Bxd6 Qxd6 8. Bd3
Nf6 9. Nge2 O-O 10. O-O Re8 11. Qd2 Ng4 12. Ng3 h5 13. Rfe1 h4 14. Nf1 f5 15. f3
Nf6 16. Rad1 b5 17. Qf2 g5 18. e4 dxe4 19. fxe4 Ng4 20. e5 Qd8 21. Qf3 Qxd4+ 22.
Ne3 Nxe5 23. Qh5 Nf7 24. Bxf5 Qc5 25. Ne4 Qe5 26. Qh7+ Kf8 27. Bxc8 Rd8 28.
Rxd8+ Nxd8 29. Rf1+ Ke8 30. Qg8+ Ke7 31. Qxg5+ Qxg5 32. Nxg5 Nd7 33. Bxd7 Kxd7
34. Rf8 a5 35. Nf5 Ra6 36. Nxh4 b4 37. Nf7 Ne6 38. Rb8 a4 39. Rxb4 a3 0-1

[Event "Titled Tue 1st Jul Early"]
[Site "chess.com INT"]
[Date "2025.07.01"]
[Round "10"]
[White "Goryachkina, Aleksandra"]
[Black "Parfenov, Viktor N."]
[Result "1/2-1/2"]
[WhiteTitle "GM"]
[BlackTitle "CM"]
[WhiteElo "2533"]
[BlackElo "2193"]
[WhiteFideId "4147103"]
[BlackFideId "4165969"]
[EventDate "2025.07.01"]

1. e4 e6 2. d4 d5 3. Nd2 Nc6 4. Ngf3 Nf6 5. e5 Nd7 6. Bb5 a6 7. Bxc6 bxc6 8. O-O
f6 9. Re1 fxe5 10. Nxe5 Nxe5 11. Rxe5 Bd6 12. Re1 O-O 13. Nf3 Qf6 14. Bg5 Qf5
15. Bh4 Bd7 16. Bg3 Be8 17. Ne5 c5 18. c3 Rb8 19. Qc1 h6 20. h3 a5 21. Kh2 a4
22. a3 c4 23. Qd2 Rb6 24. Re3 Bh5 25. Nd7 Bf4 26. Bxf4 Qxf4+ 27. Kg1 Rd6 28.
Nxf8 Qxf8 29. Rae1 Qf6 30. Re5 Be8 31. Qe3 Bd7 32. Qg3 Rb6 33. R1e2 Kh8 34. Kh2
Kg8 35. f4 Rb7 36. f5 exf5 37. Rxd5 f4 38. Qf2 Bc6 39. Rc5 f3 40. Rxc6 Qxc6 41.
Qxf3 Qd6+ 42. Qg3 Rb5 43. Qxd6 cxd6 44. Kg3 Kf7 45. Kf3 Rf5+ 46. Ke4 Ke6 47. g4
d5+ 48. Ke3 Rf1 49. Rf2 Rh1 50. Kf4 Rxh3 51. g5 Rh4+ 52. Kg3 hxg5 53. Re2+ Kd6
54. Re8 Rh1 55. Ra8 Rb1 56. Rb8 Ke6 57. Rb5 Rg1+ 58. Kf2 Rb1 59. Kg3 Rg1+ 60.
Kf2 Rb1 61. Kg3 1/2-1/2

[Event "Titled Tue 1st Jul Early"]
[Site "chess.com INT"]
[Date "2025.07.01"]
[Round "10"]
[White "Movahed, Sina"]
[Black "Nepomniachtchi, Ian"]
[Result "1-0"]
[WhiteTitle "GM"]
[BlackTitle "GM"]
[WhiteElo "2558"]
[BlackElo "2742"]
[WhiteFideId "42520835"]
[BlackFideId "4168119"]
[EventDate "2025.07.01"]

1. e4 e5 2. Nf3 Nf6 3. Nc3 Nc6 4. Bb5 Nd4 5. O-O Nxb5 6. Nxb5 c6 7. Nc3 d6 8. d4
Qc7 9. Bg5 Be7 10. h3 O-O 11. Bh4 Re8 12. Bg3 Bf8 13. Re1 Bd7 14. a4 a5 15. Qd2
Rad8 16. Rad1 Bc8 17. Bh4 Be7 18. Bg3 Nh5 19. Bh2 Bf6 20. g4 Nf4 21. Bxf4 exf4
22. Qxf4 Qb6 23. b3 Qb4 24. Ne2 b5 25. axb5 cxb5 26. Rb1 a4 27. bxa4 Qxa4 28.
Nc3 Qxc2 29. Nd5 Be7 30. Rec1 Qd3 31. Ra1 Bb7 32. Rc3 Qe2 33. Re1 Qb2 34. Rc7
Bxd5 35. exd5 Bf6 36. Rxe8+ Rxe8 37. g5 Be7 38. Qe4 g6 39. Rxe7 Rxe7 40. Qxe7 b4
41. Qxd6 b3 42. Qd8+ Kg7 43. Qf6+ Kg8 44. d6 Qa1+ 45. Kh2 Qa7 46. Ne5 Qxd4 47.
Qxf7+ 1-0

[Event "Titled Tue 1st Jul Early"]
[Site "chess.com INT"]
[Date "2025.07.01"]
[Round "10"]
[White "Cernov, Henrik"]
[Black "Pribelszky, Bence"]
[Result "1-0"]
[WhiteTitle "FM"]
[BlackTitle "IM"]
[WhiteElo "2258"]
[BlackElo "2401"]
[WhiteFideId "16258312"]
[BlackFideId "769738"]
[EventDate "2025.07.01"]

1. e4 c5 2. Nf3 d6 3. d4 cxd4 4. Nxd4 Nf6 5. Nc3 a6 6. Rg1 e5 7. Nb3 h5 8. h3
Be7 9. g4 hxg4 10. hxg4 Be6 11. g5 Nfd7 12. Nd5 Nc6 13. Be3 Rc8 14. g6 f5 15.
exf5 Bxf5 16. Qf3 Rf8 17. Qh5 Bxc2 18. Bh3 Bf6 19. Be6 Bxb3 20. Bf7+ Rxf7 21.
gxf7+ Kf8 22. axb3 Nd4 23. Bxd4 exd4 24. Nf4 Qe7+ 25. Kd1 Qe4 26. Ng6+ Kxf7 27.
Ne5+ Ke6 28. Qf7+ Kxe5 29. Re1 Nc5 30. Rxe4+ Nxe4 31. Qxb7 Nxf2+ 32. Ke2 Rc2+
33. Kf3 d5 34. Re1+ Kf5 35. Qxd5+ Kg6 36. Rg1+ Kh6 37. Qg8 Bg5 38. Rg2 d3 39.
Rxf2 d2 40. Rh2+ Kg6 41. Qe8+ Kf6 42. Qe2 d1=Q 43. Qxd1 Rxh2 44. Qd6+ Kf5 45.
Qxh2 Bf6 46. Qh3+ Ke5 47. Qg2 g5 48. Qe2+ Kd5 49. Kg4 Kd6 50. Kf5 Be5 51. Qxe5+ 1-0

[Event "Titled Tue 1st Jul Early"]
[Site "chess.com INT"]
[Date "2025.07.01"]
[Round "10"]
[White "Garbuz, Vitaliy"]
[Black "Petersen, Marcel"]
[Result "0-1"]
[WhiteTitle "CM"]
[BlackTitle "CM"]
[WhiteElo "2243"]
[BlackElo "2236"]
[WhiteFideId "12990710"]
[BlackFideId "12935670"]
[EventDate "2025.07.01"]

1. e4 g6 2. d4 Bg7 3. Nc3 c6 4. Nf3 d5 5. h3 dxe4 6. Nxe4 Nf6 7. Nxf6+ exf6 8.
Bc4 O-O 9. O-O Bf5 10. c3 Nd7 11. Re1 Re8 12. Bf4 Nb6 13. Bb3 Qd7 14. Qd2 Nd5
15. Bh6 Bh8 16. Rxe8+ Rxe8 17. Re1 Be4 18. Ne5 fxe5 19. Rxe4 exd4 20. Bxd5 cxd5
21. Rxe8+ Qxe8 22. cxd4 Bf6 23. Be3 Qe4 24. Qb4 b6 25. a4 h5 26. b3 h4 27. Qd6
Be7 28. Qb8+ Kg7 29. Qxa7 Qb1+ 30. Kh2 Bd6+ 31. f4 Qe4 32. Qd7 Bxf4+ 33. Bxf4
Qxf4+ 34. Kh1 Qxd4 35. Qb5 Qd1+ 36. Kh2 d4 37. Qe5+ Kh7 38. Qf6 d3 39. Qxh4+ Kg7
40. Qd4+ Kg8 41. Qd8+ Kh7 42. Qh4+ Kg7 43. Qd4+ f6 44. Qxb6 Qe2 45. Qc7+ Kh6 46.
Qf4+ Kh5 47. Kg3 Qe1+ 48. Kh2 Qe5 49. g4+ Kh4 50. Qxe5 fxe5 0-1

[Event "Titled Tue 1st Jul Early"]
[Site "chess.com INT"]
[Date "2025.07.01"]
[Round "10"]
[White "Liu, Zachary Hankun"]
[Black "Cunha, Lucas Aguiar"]
[Result "0-1"]
[BlackTitle "FM"]
[WhiteElo "2067"]
[BlackElo "2254"]
[WhiteFideId "2640287"]
[BlackFideId "2125404"]
[EventDate "2025.07.01"]

1. Nf3 Nf6 2. c4 e6 3. g3 d5 4. Bg2 d4 5. O-O c5 6. e3 Nc6 7. exd4 cxd4 8. d3 h6
9. Re1 Bd6 10. Na3 O-O 11. Nc2 e5 12. b4 Re8 13. Rb1 Bg4 14. h3 Bf5 15. a3 Bh7
16. c5 Bc7 17. Bb2 a6 18. Qd2 Qd7 19. Kh2 Rad8 20. a4 Qf5 21. Rbd1 Nd5 22. Nh4
Qg5 23. Qxg5 hxg5 24. Nf3 Ncxb4 25. Nxb4 Nxb4 26. Nxg5 Nxd3 27. Re2 Nxc5 28.
Nxh7 Kxh7 29. Ba3 b6 30. a5 d3 31. Re3 f5 32. Bxc5 bxc5 33. Rexd3 Rxd3 34. Rxd3
Bxa5 35. Rd6 Be1 36. Rxa6 Bxf2 37. g4 e4 38. Ra2 e3 39. Re2 f4 40. Bd5 Kh6 41.
Kg2 Kg5 42. Bb3 Rb8 43. Bc2 c4 44. Be4 c3 45. Bd3 Rd8 46. Bc2 Rd2 47. Kf3 Kh4
48. Rxd2 cxd2 49. Bd1 Kxh3 50. Kxf4 Kg2 51. Be2 Bg1 52. Ke4 Kf2 53. Kd3 Ke1 0-1